000 00530nam a2200193Ia 4500
003 OSt
005 20220926035111.0
006 a|||||r|||| 00| 0
007 ta
008 220923b |||||||| |||| 00| 0 eng d
037 _cGeneral Book
040 _aRTL
_cRTL
_beng
041 _2eng
_aeng
082 _aY:4:5.3N5t, H8
100 _aBeveridge W H
_9281154
245 0 _aVoluntary action
_b A report on methods of social a
942 _hY:4:5.3N5t, H8
_cGB
_2CC
999 _c661295
_d661295